000 00380pab a2200157 454500
008 180718b2013 xxu||||| |||| 00| 0 eng d
100 _aArnott, Richard
245 _aA bathtub model of downtown traffic congestion
260 _c2013
300 _ap.110-121.
362 _aJul
650 _aTraffic
773 _aJournal of Urban Economics
908 _aN
909 _a101624
999 _c101622
_d101622